000 00272nam a22000977a 4500
008 230522b |||||||| |||| 00| 0 eng d
020 _a9789351950691
100 _aMeyer Joyce
_97366
245 _aBattlefield of the Mind
260 _aManipal
_bManipal Technologies Limited
_c2015
999 _c12306
_d12306